000 01110nam a22002657a 4500
999 _c65152
_d65152
005 20240530110810.0
008 190115s2008 ua a g 000 0 ara d
017 _a2007/20202
_bمصر. دار الكتب
020 _a9774374711
040 _aEG-CaGPL
_cEG-CaGPL
082 0 4 _221
_a792.028 /
_bك ت
100 1 _aكروفورد ، جيرى ل.
245 1 2 _aالتمثيل بشخص الممثل والتمثيل بالاسلوب :
_bالجزء الاول /
_cتأليف جيرى ل. كروفورد ؛ ترجمة و تقديم سامى صلاح ؛ مراجعة نبيل راغب
250 _aط.1
260 _aالقاهرة :
_bوزارة الثقافة : مهرجان القاهرة الدولى للمسرح التجريبى،
_c2008.
300 _a610 ص. :
_bايض ؛
_c24 سم.
650 0 7 _2qrmak
_aالمسرح
650 0 7 _aالممثلون والممثلات
650 0 7 _aالتمثيل
651 _2qrmak
700 0 _aسامى صلاح
_eمترجم ومقدم
700 0 _aنبيل راغب
_eمراجع
942 _2ddc
_cBK